Normal view
MARC view
Entry Uniform Title
001 - CONTROL NUMBER
- control field: 9223
003 - CONTROL NUMBER IDENTIFIER
- control field: dpl
005 - DATE AND TIME OF LATEST TRANSACTION
- control field: 20100809123230.0
008 - FIXED-LENGTH DATA ELEMENTS
- fixed length control field: 100809|||a|||||| | ||| d
040 ## - CATALOGING SOURCE
- Original cataloging agency: dpl
- Transcribing agency: dpl
130 ## - HEADING--UNIFORM TITLE
- Uniform title: जिसके बलिदान से लगी बाल-विवाह पर रोक
670 ## - SOURCE DATA FOUND
- Source citation: Work cat.: (dpl): खन्ना, नवीन 9222, फूलमणि की दास्तान तथा अन्य कहानियां /, 2008
670 ## - SOURCE DATA FOUND
- Source citation: Work cat.: (dpl): खन्ना, नवीन 9222, फूलमणि की दास्तान तथा अन्य कहानियां /, 2008
